Normal view
MARC view
Entry Topical Term
001 - CONTROL NUMBER
- control field: 68042
003 - CONTROL NUMBER IDENTIFIER
- control field:
005 - DATE AND TIME OF LATEST TRANSACTION
- control field: 20251016163823.0
008 - FIXED-LENGTH DATA ELEMENTS
- fixed length control field: 251016|| aca||aabn | a|a d
040 ## - CATALOGING SOURCE
- Original cataloging agency:
- Transcribing agency:
150 ## - HEADING--TOPICAL TERM
- Topical term or geographic name entry element: Aragon, 1897-1982
670 ## - SOURCE DATA FOUND
- Source citation: Work cat.: ()22187: Adereth Maxwell aut 68040, Commitment in modern French language :, 1967
